| 000 | 01291cam a22003617a 4500 | ||
|---|---|---|---|
| 003 | CHAP | ||
| 005 | 20220329141309.0 | ||
| 008 | 971010s1979 r 00010 d | ||
| 010 | _a65980 | ||
| 011 | _a66952 | ||
| 035 | _a75937 | ||
| 040 | _cCHAP | ||
| 090 | _aTesis | ||
| 100 | 0 | 0 |
_aTijerina Chávez, Arturo Daniel. _9113284 |
| 245 | 1 | 0 | _aDinámica de población, método de muestreo y combate químico de la chicharrita de la vid en la Comarca Lagunera |
| 260 |
_aChapingo, Méx. : _bEl autor, _c1979 |
||
| 300 |
_a125 h. _b; láms. ; gráfs. |
||
| 502 | _aTesis (Ing. Agr. Esp. en Parasitología Agrícola) -- UACH. Departamento de Parasitología Agrícola | ||
| 590 |
_aALEPH _b10 _c20130110 _lUCH01 _h1400 |
||
| 590 |
_aBATCH-UPD _b10 _c20130110 _lUCH01 _h0125 |
||
| 590 |
_aBATCH-UPD _b10 _c20130110 _lUCH01 _h0706 |
||
| 590 |
_aBATCH-UPD _b10 _c20130409 _lUCH01 _h2120 |
||
| 590 |
_aBATCH-UPD _b10 _c20130914 _lUCH01 _h0922 |
||
| 590 |
_aCONVERSION _b10 _c20130109 _lUCH01 _h1336 |
||
| 650 | 1 | 4 |
_aChicharritas de la vid. _922266 |
| 650 | 1 | 4 |
_aControl de plagas. _927595 |
| 650 | 1 | 4 |
_aVid _xComarca Lagunera. _9119100 |
| 650 | 1 | 4 |
_aVid _xPlagas. _9119131 |
| 901 | _aBK | ||
| 942 | _cFOLL | ||
| 949 |
_bBC _cTES _d-152752 _eTS1 _i75937 _si |
||
| 949 |
_bBC _cTES _d-152753 _eTS2 _fc.2 _i75937 _si |
||
| 999 |
_c65980 _d65980 |
||